Port city planning and management (Record no. 174399)

000 -LEADER
fixed length control field nam a22 7a 4500
003 - CONTROL NUMBER IDENTIFIER
control field Nust
005 - DATE AND TIME OF LATEST TRANSACTION
control field 20170125130710.0
008 - FIXED-LENGTH DATA ELEMENTS--GENERAL INFORMATION
fixed length control field 170125b xxu||||| |||| 00| 0 eng d
020 ## - INTERNATIONAL STANDARD BOOK NUMBER
International Standard Book Number 9783843357982
040 ## - CATALOGING SOURCE
Transcribing agency 0
082 ## - DEWEY DECIMAL CLASSIFICATION NUMBER
Classification number 623.893
100 ## - MAIN ENTRY--PERSONAL NAME
Relator code Anil Kumar Roy
245 ## - TITLE STATEMENT
Title Port city planning and management
Statement of responsibility, etc. Anil Kumar Roy
260 ## - PUBLICATION, DISTRIBUTION, ETC.
Place of publication, distribution, etc. USA
Name of publisher, distributor, etc. Lap Lambert
Date of publication, distribution, etc. 2010
300 ## - PHYSICAL DESCRIPTION
Extent 150p
942 ## - ADDED ENTRY ELEMENTS (KOHA)
Source of classification or shelving scheme
Koha item type Book
Holdings
Withdrawn status Lost status Source of classification or shelving scheme Damaged status Not for loan Collection code Permanent Location Current Location Shelving location Date acquired Total Checkouts Full call number Barcode Date last seen Price effective from Koha item type
            Central Library (CL) Central Library (CL) General Stacks 01/25/2017   623.893 ROY S3H-N-1512 01/25/2017 01/25/2017 Book
© 2023 Central Library, National University of Sciences and Technology. All Rights Reserved.